00520 2200205 4500001002100000005001500021035002000036245003000056100001100086250001400097260003900111300004200150020001800192084001600210082001000226650001100236008004100247990001300288990001300301INLIS00000000000864820230616102301 a0010-01230001891 aKehancuran Troy /cVirgil aVirgil aCetakan I aDepok :bONCOR Semesta Ilmu,c2011 aviii, 134 halaman :bilus ;c20,5 cm. a9786029682806 a808.3 VIR k a808.3 4aSastra230616 g 0 ind  a022.1171 a022.1172